000 00595nam a22002057a 4500
003 OSt
005 20140310182759.0
008 130212t xxu||||| |||| 00| 0 eng d
020 _a0944002005
050 _aHD 2746.5
_b.P961 1987
082 _aM 650.1
_bP93 1987
_2c1987.
245 _aThe employee survival guide to mergers and acquisitions
_cPritchett, Price
260 _aDallas, Texas :
_bPritchett and Associates, Inc,
_c c1987.
300 _a85 p.
_c17 cm.
521 _aCollege Students
526 _c1210L-1700L
541 _j1
562 _e1
942 _2lcc
_cBK-FIL
_kM
999 _c15930
_d15930